Contract and specifications /
Saved in:
| Corporate Author: | |
|---|---|
| Format: | Book |
| Language: | English |
| Published: |
[Brookline, Mass. :
Olmsted Brothers],
[1920?]
|
| Subjects: | |
| Tags: |
Add Tag
No Tags, Be the first to tag this record!
|
| LEADER | 00529nam a22001817u 4500 | ||
|---|---|---|---|
| 001 | 000000532-0 | ||
| 005 | 20020606090541.3 | ||
| 008 | 830203|1920 ||||||| |||| |0||||eng|d | ||
| 035 | 0 | |a ocm84296541 | |
| 245 | 0 | 0 | |a Contract and specifications / |c Olmsted Brothers. |
| 260 | 0 | |a [Brookline, Mass. : |b Olmsted Brothers], |c [1920?] | |
| 300 | |a [5] p. ; |c 27 cm. | ||
| 500 | |a Standard contract form for the firm. | ||
| 650 | 0 | |a Contracts. | |
| 650 | 0 | |a Landscape architects |x Practice. | |
| 710 | 2 | |a Olmsted Brothers. | |
| 988 | |a 20020608 | ||
| 906 | |0 MH | ||


